The TINI specification and developer's guide - (E-BOOK) (Record no. 192068)
[ view plain ]
| 000 -LEADER | |
|---|---|
| fixed length control field | 01206 a2200205 4500 |
| 003 - CONTROL NUMBER IDENTIFIER | |
| control field | Nust |
| 005 - DATE AND TIME OF LATEST TRANSACTION | |
| control field | 20170207154029.0 |
| 010 ## - LIBRARY OF CONGRESS CONTROL NUMBER | |
| LC control number | 2001022528 |
| 020 ## - INTERNATIONAL STANDARD BOOK NUMBER | |
| International Standard Book Number | 0201722186 (pbk./CD-ROM) |
| 040 ## - CATALOGING SOURCE | |
| Transcribing agency | Nust |
| 082 00 - DEWEY DECIMAL CLASSIFICATION NUMBER | |
| Classification number | 621.382 |
| 100 1# - MAIN ENTRY--PERSONAL NAME | |
| Personal name | Loomis, Don. |
| 245 14 - TITLE STATEMENT | |
| Title | The TINI specification and developer's guide - (E-BOOK) |
| Statement of responsibility, etc. | Don Loomis. |
| 260 ## - PUBLICATION, DISTRIBUTION, ETC. | |
| Place of publication, distribution, etc. | Boston, MA : |
| Name of publisher, distributor, etc. | Addison-Wesley, |
| Date of publication, distribution, etc. | c2001. |
| 300 ## - PHYSICAL DESCRIPTION | |
| Extent | xv, 365 p. : |
| Other physical details | ill. ; |
| Dimensions | 24 cm. + |
| Accompanying material | 1 computer optical disc (4 3/4 in.) |
| 505 ## - FORMATTED CONTENTS NOTE | |
| Formatted contents note | CHAPTER 1 The TINI Platform (Page-1) CHAPTER 2 Getting Started .(Page-23) CHAPTER 3 Serial Communication(Page-51) CHAPTER 4 The 1-Wire Net (Page-81) CHAPTER 5 TCP/IP Networking(page-111) CHAPTER 6 Dial-Up Networking Using PPP(Page-139) CHAPTER 7 Building a Remote Data Logger(Page-147) CHAPTER 8 Parallel I/O(Page-181) CHAPTER 9 Just the Bits(page-199) CHAPTER 10 Accessing System Resources(Page-209) CHAPTER 11 Application Programming Tips(Page-225) |
| 538 ## - SYSTEM DETAILS NOTE | |
| System details note | System requirements for computer disc: Windows 95, Windows 98, Windows NT, Windows 2000, WinME, Solaris, or Linux, JDK installation of 1.2 or higher. |
| 650 #0 - SUBJECT ADDED ENTRY--TOPICAL TERM | |
| Topical term or geographic name entry element | Telecommunication systems |
| General subdivision | Design and construction |
| -- | Data processing. |
| 651 ## - SUBJECT ADDED ENTRY--GEOGRAPHIC NAME | |
| Geographic name | E-BOOK |
| 942 ## - ADDED ENTRY ELEMENTS (KOHA) | |
| Source of classification or shelving scheme | |
| Koha item type | Book |
| Withdrawn status | Lost status | Source of classification or shelving scheme | Damaged status | Not for loan | Collection code | Permanent Location | Current Location | Date acquired | Total Checkouts | Full call number | Barcode | Date last seen | Price effective from | Koha item type |
|---|---|---|---|---|---|---|---|---|---|---|---|---|---|---|
| Military College of Signals (MCS) | Military College of Signals (MCS) | 12/12/2016 | 621.382 LOO | MCSEB-1198 | 12/08/2016 | 12/12/2016 | Book |
